000 00573nmm a2200157Ia 4500
008 251105s9999||||xx |||||||||||||||||und||
020 _a9789587383362
041 _aspa
100 _aCastillo Martínez, Juan Alberto
245 0 _aErgonomía y estrés térmico: Método de cálculo para estimar la carga de trabajo en trabajadores expuestos a condiciones térmicas extremas
264 _a[Bogotá, Colombia] :
_bUniversidad del Rosario,
_c2013
300 _a112 páginas
650 _aMedicine
856 _uhttps://public.digitaliapublishing.com/a/60946
942 _cCF
999 _c95749
_d95749